00569nam a2200169 a 450000100100000000500170001000800410002704000250006810000260009324500630011926000350018230000210021749000160023883000230025495201050027799900170038200004390420201002045034.0140508s1964 sp ac 000 0 spa d aDO-SdBNPbspacBNPHU1 aRomeu, Luis V.97179910aDiálogos de la Cristiandad /cencuesta porLuis V. Romeu. aSalamanca :bSígueme,c1964. a401 p. :b20 cm.1 aHINNENIv33 0aHINNENIv33971800 001050718MOaGRbGRcCTd2014-05-08iLF1l0o p43904-10r2020-06-25w2020-06-25y1ZNo se presta c43393d43393